| 000 | 00950nas a2200313 4500 | ||
|---|---|---|---|
| 001 | BR0701664 | ||
| 003 | BR-BrBNA | ||
| 005 | 20231205110701.0 | ||
| 007 | ta | ||
| 008 | 230509b bl.|||p| |||| 00| 00por d | ||
| 040 |
_aBR-BrBNA _bpor _cBiblioteca Nacional de Agricultura |
||
| 041 | _a(Pt) | ||
| 072 | _aQ02 | ||
| 100 | 1 | _aBerwanger, A.L. da S. | |
| 100 | 1 | _aScamparini, A.R.P. | |
| 100 | 1 | _aDomingues, N.M. | |
| 100 | 1 | _aVanzo, L.T. | |
| 100 | 1 | _aTreichel, H. | |
| 100 | 1 | _aPadilha, F.F. | |
| 245 | 1 | _aProdução de biopolímero sintetizado por Sphingomonas capsulata a partir de meios industriais | |
| 650 | _aPOLIMERIZAÇÃO | ||
| 650 | _aFERMENTAÇÃO | ||
| 650 | _aPOLISSACARÍDEO | ||
| 650 | _aGOMA | ||
| 650 | _aINDUSTRIA ALIMENTÍCIA | ||
| 773 | 0 |
_tCiência e Agrotecnologia (Brazil) _xISSN 1413-7054 _g(Jan-Feb 2007), v. 31(1) p. 177-183 _wBR0701664 |
|
| 909 |
_a202311 _bLúcia _c55 _dLúcia Elande |
||
| 942 |
_2AGRIS _n0 _cANA |
||
| 999 |
_c188532 _d188532 |
||